000 00429nam a22001697a 4500
005 20180613153747.0
008 160526b xxu||||| |||| 00| 0 eng d
020 _a81-259-1664-4
041 _aeng
082 _b5067
_a657.046
100 _aMaheshwari, S.N. and S.K.
_91171
245 _aAdvanced Accountancy (Vol-1)
260 _aNew Delhi
_bAcademic Faundation
300 _a3.216
650 _aManagement
_9241
942 _cBK
999 _c1772
_d1771